| 000 | 00364 a2200109 4500 | ||
|---|---|---|---|
| 001 | ART_26038 | ||
| 005 | 20260410161935.0 | ||
| 008 | 260409a | ||
| 245 | 1 | 0 | _aNueva visión del comercio de servicios |
| 100 | 1 | _aVillanueva, Javier | |
| 773 | 0 |
_tAnales de la Academia Nacional de Ciencias Económicas _g- Vol. XLII, (1997) (ene. 1999) _wREV25596 |
|
| 999 |
_c28986 _d28986 |
||